000 00812nam a22001815i 4500
001 183279
003 ES-MaACL
005 20250917063101.0
008 140206s1878 fr f |||| | fre d
100 1 _aMilne-Edwards, Alphonse,
_d1835-1900
_9129939
245 1 0 _aDescription d'une nouvelle espèce de péramèles provenant de la Nouvelle Guinée / par Alph. Milne Edwards.
260 _a[Paris :
_bG. Masson,
_c1878?]
300 _a2 p., 1 h. de grab. ;
_c25 cm.
490 1 _aBibliothèque de l'École des Hautes Études. Section des Sciences Naturelles . Tome XVIII ;
_vArticle nº 3
830 0 0 _aBibliothèque de l'École des Hautes Études. Section des sciences naturelles
_vArticle nº 3
_9181413
852 _aES-MaACL
_jG-11021(3)
_q.- Encuadernado con otras obras
999 _c183279
_d183279